Animals: No Vowels #3 - Statistics

General Stats
  • This quiz has been taken 81 times
  • The average score is 29 of 33
Answer Stats
Hint Answer % Correct
Rbbt Rabbit
99%
Rd Pnd Red Panda
99%
Tgr Tiger
99%
Wrm Worm
99%
Pg Pig
97%
Sqrrl Squirrel
97%
Strfsh Starfish
97%
Trky Turkey
97%
Trtl Turtle
97%
Wlf Wolf
97%
Zbr Zebra
97%
Rcn Racoon
96%
Shrk Shark
96%
Spdr Spider
96%
Sqd Squid
96%
Whl Whale
96%
Wmbt Wombat
96%
Swn Swan
94%
Pnd Panda
93%
Slth Sloth
93%
Pltyps Platypus
90%
Pffn Puffin
87%
Plr Br Polar Bear
86%
Wlrs Walrus
86%
Shp Sheep
83%
Trts Tortoise
82%
Plcn Pelican
76%
Pgn Pigeon
73%
Pg Pug
66%
Sl Seal
66%
Tcn Toucan
63%
Phsnt Pheasent
49%
Pngln Pangolin
39%
No matching quizzes found
Score Distribution
Percent of People with Each Score
Percentile by Number Answered
Your Score History
You have not taken this quiz